[Event "Israeli Open Championship 2019"]
[Site "Jerusalem"]
[Date "2019.12.13"]
[Round "2.2"]
[White "Postny, Evgeny"]
[Black "Lahav, Michal"]
[Result "1-0"]
[WhiteElo "2605"]
[BlackElo "2244"]
[Annotator "TA"]
[PlyCount "45"]
[EventDate "2019.12.12"]
[EventType "swiss"]
[EventCountry "ISR"]
[SourceTitle "playchess.com"]
[Source "ChessBase"]
[SourceQuality "1"]

{[%evp 28,49,60,61,81,82,89,62,156,163,227,227,223,214,226,217,427,424,392,360,505,493,1162,1089]} 1. d4 Nf6 2. Nf3 g6 3. c4 c5 4. d5 e6 5. Nc3 exd5 6. cxd5 d6 7. Nd2 Bg7 8. e4 O-O 9. Be2 Re8 10. O-O Na6 11. f3 Nc7 12. a4 b6 13. Nc4 Ba6 14. Bg5 h6 15. Be3 Qd7 {A79: Modern Benoni: Classical: 9...Re8 10 Nd2 Na6 11 f3} (15... Bxc4 16. Bxc4 a6 17. Qd2 Kh7 18. Kh1 Nd7 19. Be2 Rb8 20. Bf4 Qe7 21. Ra3 Rec8 22. b3 b5 23. axb5 axb5 24. Ra7 b4 25. Na4 Ra8 26. Rb7 Rab8 27. Ra7 {½-½ (27) Banet,J (2504)-Soderberg,P (2523) ICCF email 2012}) 16. Qd2 Kh7 17. b3 {[%cal Bb2b3,Bb3c4][%mdl 32]} g5 $146 ({Better is} 17... Qe7 $14) ({Predecessor:} 17... Rab8 18. Kh1 Rb7 19. Rab1 Bxc4 20. bxc4 Na6 21. Rbe1 Nb4 22. Bd1 a6 23. Bg1 {½-½ (51) Kelecevic,N (2380)-Valenti,G (2240) Mendrisio 1988}) 18. f4 $16 Bxc4 (18... Nxe4 {might work better.} 19. Nxe4 gxf4) 19. bxc4 $18 Nxe4 20. Nxe4 Rxe4 21. Bd3 Bxa1 $2 {[#]} (21... f5) 22. Bxe4+ f5 {next ...gxf4 is good for Black.} 23. Bd3 {Played: Be4-c2} 1-0

[Event "Israeli Open Championship 2019"]
[Site "Jerusalem"]
[Date "2019.12.13"]
[Round "2.3"]
[White "Zalkind, Konstantin"]
[Black "Mikhalevski, Victor"]
[Result "0-1"]
[WhiteElo "2162"]
[BlackElo "2559"]
[Annotator "TA"]
[PlyCount "26"]
[EventDate "2019.12.12"]
[EventType "swiss"]
[EventCountry "ISR"]
[SourceTitle "playchess.com"]
[Source "ChessBase"]
[SourceQuality "1"]

{[%evp 9,44,-3,-7,-10,-4,-30,29,-33,13,12,21,14,19,12,26,30,41,-60,-36,-35,-27,-32,-42,-96,-100,-103,-97,-150,-153,-141,-143,-280,-267,-296,-286,-29997,-29998]} 1. d4 Nf6 2. Nc3 d5 3. Bf4 c5 4. dxc5 (4. e3 cxd4 5. exd4 a6 6. Bd3 Nc6 7. Nge2 Bg4 8. f3 Bh5 9. h4 Bg6 10. g4 e6 11. h5 Bxd3 12. Qxd3 h6 13. O-O-O {0-1 (50) Jobava,B (2646)-Nisipeanu,L (2657) Spilimbergo 2018}) 4... d4 5. Nb1 Nc6 {White must now prevent ...e5.} 6. Nf3 {D00: 1 d4 d5: Unusual lines} e6 $146 ({Predecessor:} 6... Nd5 7. Bg3 Qa5+ 8. Qd2 Qxc5 9. a3 e6 10. b4 Qb6 11. Qd3 Bd7 {½-½ (35) Lloveras Rebell,J (2377)-Ros Padilla,J (2220) ICCF email 2012}) 7. c3 {[%cal Rc3d4]} Nd5 ({Black should play} 7... Bxc5 8. e3 dxe3 9. Qxd8+ Nxd8 10. Bxe3 Bxe3 11. fxe3 O-O) 8. Bd2 (8. Bd6 $11) 8... Bxc5 9. cxd4 Bxd4 10. Nxd4 Nxd4 11. Nc3 Nb4 12. Rc1 $1 ({Wrong is} 12. Qa4+ $2 Bd7 $19) 12... O-O 13. g3 {[#]} ({White should try} 13. Qa4 $14 a5 14. a3) 13... e5 {Played: Nb4xa2} 0-1

[Event "Israeli Open Championship 2019"]
[Site "Jerusalem"]
[Date "2019.12.13"]
[Round "2.4"]
[White "Tsyn, Igor"]
[Black "Flom, Gabriel"]
[Result "0-1"]
[WhiteElo "2154"]
[BlackElo "2506"]
[Annotator "TA"]
[PlyCount "119"]
[EventDate "2019.12.12"]
[EventType "swiss"]
[EventCountry "ISR"]
[SourceTitle "playchess.com"]
[Source "ChessBase"]
[SourceQuality "1"]

{[%evp 16,119,23,0,0,0,0,0,0,0,0,-20,18,4,32,18,41,39,27,36,39,37,51,18,69,43,61,76,64,17,22,0,4,-26,36,31,79,23,0,-223,-227,-223,-75,-212,-212,-202,-65,-74,-70,-77,-62,-186,-91,-174,-179,-197,-209,-225,-234,-271,-231,-368,-329,-320,-310,-427,-356,-465,-465,-413,-60,-108,-118,-121,-107,-106,-108,-127,-130,-189,-183,-187,-185,-182,-179,-163,-180,-176,-144,-144,-144,-167,-176,-570,-648,-649,-562,-248,-248,-1569,-1571,-1473,-1332,-1940,-1903,-1008]} 1. e4 c5 2. Nf3 d6 3. d4 cxd4 4. Nxd4 Nf6 5. Nc3 Nc6 6. Be2 e5 7. Nf3 Be7 8. O-O O-O 9. Re1 Be6 {B58: Classical Sicilian: 6 Be2} (9... h6 10. h3 Be6 11. Bf1 Rc8 12. Nd5 Na5 13. Nxe7+ Qxe7 14. b3 Rfd8 15. c4 Qc7 16. Bd2 Nc6 17. Rc1 a5 18. Rc3 Ra8 19. Qb1 Nd7 20. Nh2 Nf6 21. Nf3 Qe7 22. Be3 Nd7 23. Rcc1 Qf6 24. Nd2 {½-½ (24) Luther,T (2524)-Petr,M (2448) Germany 2018}) 10. Ng5 Bd7 11. Nf3 Rc8 {The position is equal.} 12. Bg5 Be6 13. Bf1 $146 ({Predecessor:} 13. h3 h6 14. Bxf6 Bxf6 15. Nd5 Bxd5 16. exd5 Ne7 17. Bf1 g6 18. c4 Bg7 19. Rc1 {1-0 (55) Vaculik,M (2288)-Svoboda,V (2277) Czechia 2008}) 13... Qb6 14. Na4 Qa5 (14... Qd8 {with more complications.} 15. c4 h6 16. Bd2 Bg4 17. h3 Bh5) 15. c4 Nd4 16. Nxd4 exd4 17. Bd2 Qc7 18. b3 Ng4 19. f4 f5 (19... Bd7 $11) 20. Bd3 {Hoping for exf5.} Ne3 21. Bxe3 dxe3 22. exf5 ({Much worse is} 22. Rxe3 Bf6 $17) 22... Bf7 $1 23. Be4 ({Much weaker is} 23. Rxe3 Bf6 $15) 23... Bf6 24. Rc1 Rfe8 (24... b5 $1 $11 25. Nc3 Qc5) 25. Bd5 $14 Qa5 26. Bxf7+ (26. Bxb7 $16 Rc7 27. Bf3) 26... Kxf7 $11 27. Qd3 $2 ({Avoid the trap} 27. Qxd6 $2 Rcd8 $19) (27. g4 $11) 27... Qd2 $19 28. Rcd1 Qf2+ $1 {[%mdl 64] Double Attack} 29. Kh1 e2 30. Rb1 Qxf4 ({Better is} 30... Qd4 $19 31. Qf3 Qe4 32. Qxe4 Rxe4) 31. Rxe2 $15 Rxe2 32. Qxe2 {aiming for Qe6+.} Re8 $1 $40 {[%cal Re8e2][%mdl 128] Black attacks.} 33. Qf1 (33. Qd1 $15) 33... Qxf1+ $19 34. Rxf1 {[%mdl 4096] Endgame KRB-KRN} Re2 35. g3 Rxa2 36. Rf3 {[#]} Rc2 $1 37. h3 Be5 38. Rd3 (38. g4 $142) 38... b6 39. Kg1 Kf6 40. Rf3 Kg5 41. Kh1 h5 42. Kg1 {[#]} a6 $2 ({Black should play} 42... d5 $1 $19 {[%mdl 512]} 43. cxd5 b5) 43. Kh1 b5 44. cxb5 axb5 45. Nb6 h4 46. gxh4+ Kxh4 47. Nd5 (47. Nd7 $17 {is a better defense.}) 47... Rh2+ 48. Kg1 Rxh3 49. Kf2 Rh2+ 50. Ke3 Kg5 51. Nc7 b4 52. Nd5 Rh4 53. Rf1 Rh3+ 54. Rf3 $2 (54. Ke4) 54... Rxf3+ 55. Kxf3 {intending Ke4.} Kxf5 56. Nxb4 {KB-KN} g5 57. Nd3 $2 (57. Nd5) 57... g4+ {Black is clearly winning.} 58. Ke3 d5 59. Ne1 Bc7 60. Kd4 {Accuracy: White = 41%, Black = 60%.} 0-1

[Event "Israeli Open Championship 2019"]
[Site "Jerusalem"]
[Date "2019.12.13"]
[Round "2.5"]
[White "Soffer, Ram"]
[Black "Shtemler, Lavi"]
[Result "1-0"]
[WhiteElo "2490"]
[BlackElo "2181"]
[Annotator "TA"]
[PlyCount "105"]
[EventDate "2019.12.12"]
[EventType "swiss"]
[EventCountry "ISR"]
[SourceTitle "playchess.com"]
[Source "ChessBase"]
[SourceQuality "1"]

{[%evp 9,105,38,39,21,35,14,14,14,6,1,1,10,14,9,16,0,0,0,0,0,28,25,36,22,37,27,20,27,22,27,22,18,69,62,68,62,50,26,35,20,23,23,29,33,37,29,37,43,58,50,177,180,188,181,182,178,178,172,174,188,261,261,407,407,659,603,557,437,2216,2066,1972,1766,1162,1838,1748,1632,1636,1637,1880,1708,12839,12839,12840,12840,12841,12841,12841,12842,12841,12839,12843,12843,12844,12845,12847,12847,12847,12843]} 1. d4 Nf6 2. Nf3 c5 3. d5 b5 4. c4 b4 5. a3 g6 6. axb4 {A57: Benko/Volga Gambit} cxb4 7. e4 {[%mdl 64] [#] Decoy} Nxe4 8. Qd4 {The position is equal.} Nf6 9. Rxa7 Rxa7 10. Qxa7 Na6 11. Be3 {aiming for Bb6.} d6 12. Nd4 (12. Be2 Bg7 13. Nbd2 Qd7 {½-½ (46) Sokolov,I (2706)-Van Wely,L (2617) Wijk aan Zee 2004}) 12... Bg7 $146 ({Predecessor:} 12... Qd7 13. Qb6 Bg7 {0-1 (45) Kopylov,M (2409)-Tregubov,P (2597) Germany 2015}) 13. Be2 Qd7 14. Qxd7+ Kxd7 (14... Nxd7 {feels hotter.} 15. O-O O-O 16. Nd2 Bb7 17. Rb1 Ra8) 15. Nd2 $36 {[%mdl 2048] White has good play.} Bb7 16. N2b3 Ra8 17. Bf3 h5 18. h3 Ke8 19. Kd2 Nd7 20. Ra1 Nac5 (20... Nc7 $11) 21. Rxa8+ $14 Bxa8 22. Kc2 Bb7 23. Na5 Bc8 24. Be2 Na6 25. g4 hxg4 26. hxg4 Ndc5 27. Ndc6 f5 28. f3 fxg4 29. fxg4 Ne4 ({Better is} 29... Bd7 $14) 30. Bd3 $18 Nac5 31. Bxc5 $1 Nxc5 32. Bxg6+ Kf8 {[#]} 33. Bf5 $1 {[%cal Rf5c8]} ({Don't do} 33. Nxb4 $6 Bxg4 34. Nbc6 Nd7 $16) 33... Bxf5+ 34. gxf5 {[%mdl 4096] Endgame KBN-KNN} Ne4 (34... Na6 $142 35. Nb3 Ke8) 35. Nxb4 Ng3 (35... Kf7 $142 36. Nbc6 Nc5) 36. Nbc6 Nxf5 (36... Bxb2 $142 37. Kxb2 Nxf5) 37. b4 {White is clearly winning.} Bh6 38. Kd3 {Hoping for b5.} Ng7 (38... Kf7 $142 39. Ke4 Ng3+ 40. Kf3 Nf5) 39. b5 Ne8 40. b6 Nf6 41. b7 Nd7 42. Ke4 Kf7 43. Kf5 Bd2 44. Nb3 Be3 45. b8=Q Nxb8 46. Nxb8 Bb6 47. Nc6 Be3 48. Nbd4 Bf2 49. Ne6 Be3 50. Ned8+ Ke8 51. Ke6 Bg5 52. Nf7 Bh4 53. Nh6 {Accuracy: White = 77%, Black = 54%.} 1-0

[Event "Israeli Open Championship 2019"]
[Site "Jerusalem"]
[Date "2019.12.13"]
[Round "2.6"]
[White "Berenboym, Igor"]
[Black "Rechlis, Gad"]
[Result "0-1"]
[WhiteElo "2100"]
[BlackElo "2490"]
[Annotator "TA"]
[PlyCount "84"]
[EventDate "2019.12.12"]
[EventType "swiss"]
[EventCountry "ISR"]
[SourceTitle "playchess.com"]
[Source "ChessBase"]
[SourceQuality "1"]

{[%evp 11,100,0,3,-36,-31,-45,-34,-90,-72,-75,-86,-73,-74,-79,-87,-120,-118,-128,-116,-150,-130,-105,-125,-133,-56,-56,-57,-52,-52,-56,-50,-50,-57,-68,-57,-65,-25,-25,-20,-68,-49,-50,-44,-50,0,0,0,0,0,0,0,-70,-64,-64,-60,-112,-116,-207,-210,-224,-221,-1332,-1151,-926,-566,-1285,-468,-468,-468,-406,-406,-406,-406,-454,-442,-1052,-1052,-1052,-1037,-1015,-961,-778,-769,-5695,-6033,-5941,-5941,-5518,-5173,-5638,-2726]} 1. e4 c5 2. Nc3 e6 3. g3 Nc6 4. Bg2 g6 5. Nge2 Bg7 6. O-O Nge7 7. d4 {B24: Closed Sicilian: 3 g3 sidelines} (7. d3 O-O 8. Be3 Nd4 9. Qd2 d6 10. Nd1 Rb8 11. Nxd4 cxd4 12. Bh6 Bxh6 13. Qxh6 Qc7 14. c3 Qc5 15. Rc1 Nc6 16. Qd2 Bd7 17. cxd4 Qxd4 18. Ne3 Ne5 {½-½ (43) Pridorozhni,A (2565)-Savchenko,B (2581) Sochi 2017}) 7... Nxd4 8. Nxd4 cxd4 9. Nb5 ({Better is} 9. Ne2 $15) 9... Qb6 $17 10. Qd3 $146 ({Predecessor:} 10. Qe2 a6 11. Na3 O-O 12. Nc4 Qc7 13. e5 f6 14. f4 Nc6 {0-1 (34) Patel,D (1811)-Shepelev,I (2117) Chennai 2012}) 10... a6 11. Na3 d5 12. exd5 Nxd5 13. Nc4 Qc7 $1 14. a4 O-O 15. Bd2 Bd7 16. Ba5 Qc5 17. b4 Nxb4 (17... Qa7 $1 $17 {White must now prevent ...Rac8.} 18. Qd2 d3 $1 {[%mdl 512]} 19. Qxd3 Rab8 20. Bxd5 exd5) 18. Bxb4 $15 Qxb4 19. Rfb1 Qc5 {Threatens to win with ...e5.} 20. Nb6 $1 {[%cal Rb6d7]} Rad8 {[%cal Ba8d8,Bd8d7,Bd7c7][%mdl 32] And now ...Bc6 would win.} 21. Nxd7 Rxd7 22. Bxb7 a5 23. Rb5 Qa7 24. Rab1 {[%cal Ba1b1,Bb1b3,Bb3b5][%mdl 32]} Rc7 25. R1b3 Rb8 26. Be4 Rxb5 27. Qxb5 h5 28. Qe8+ Kh7 29. Rb5 {Intending Rxh5+ and mate.} f5 30. Bd3 $1 e5 {[#] Strongly threatening ...e4.} 31. Qe6 (31. Bxf5 $1 $11 {[%mdl 512]} gxf5 32. Qxh5+ {[%mdl 64] Double Attack} Kg8 33. Qe8+ Kh7 34. Qh5+ Kg8 35. Qe8+ Kh7 36. Qh5+) 31... Re7 32. Qd5 e4 $1 $36 {[%cal Re4d3][%mdl 2048] Black has some pressure.} 33. Rxa5 {[#]} ({White should try} 33. Be2 $15) 33... Qb8 $1 $17 34. Bb5 (34. Bc4 $17) 34... e3 $19 35. Ra8 {[#]} Qc7 $1 {[%cal Rc7c2]} 36. Be2 $2 (36. fxe3 dxe3 37. Be2) 36... Qxc2 37. Qb5 Re5 38. Qa6 d3 (38... Qb1+ $142 39. Kg2 exf2 {[%mdl 64] Overworked Piece} 40. Kxf2 Qh1) 39. Qxd3 Qxd3 ({Weaker is} 39... Qc1+ 40. Qd1 $19) 40. Bxd3 e2 41. Bxe2 Rxe2 {[%mdl 4096] Endgame KRB-KR} 42. Kf1 Rb2 {Played: Re2-a2} 0-1

[Event "Israeli Open Championship 2019"]
[Site "Jerusalem"]
[Date "2019.12.13"]
[Round "2.7"]
[White "Gorodetzky, David"]
[Black "Golberg, Igor"]
[Result "1/2-1/2"]
[WhiteElo "2483"]
[BlackElo "2156"]
[Annotator "TA"]
[PlyCount "146"]
[EventDate "2019.12.12"]
[EventType "swiss"]
[EventCountry "ISR"]
[SourceTitle "playchess.com"]
[Source "ChessBase"]
[SourceQuality "1"]

{[%evp 11,146,5,20,7,21,13,20,-22,19,0,29,28,30,29,25,16,22,25,15,20,17,10,18,16,18,10,10,9,19,0,39,0,0,0,10,0,37,10,35,9,16,5,18,0,8,0,0,0,1,1,1,1,2,0,0,0,0,0,0,0,0,0,0,0,0,-19,0,0,0,0,0,0,0,0,0,0,0,0,0,0,0,0,0,0,0,0,0,0,0,0,0,0,0,0,0,0,0,0,0,0,1,0,0,0,0,0,0,0,0,0,0,0,0,0,0,0,0,0,0,0,0,0,0,0,0,0,0,0,0,0,0,0,0,0,27,35,35]} 1. c4 e5 2. g3 Nf6 3. Bg2 Nc6 4. Nc3 Bc5 5. Nf3 O-O 6. O-O Re8 7. d3 {A29: English Opening: Four Knights Variation with 4 g3} h6 8. a3 a5 9. Nd5 $146 {The position is equal.} ({Predecessor:} 9. e3 d6 10. b3 Bf5 11. Nd5 Be6 12. d4 exd4 13. exd4 Ba7 14. Ne3 d5 {½-½ (30) Navara,D (2638)-Sokolov,I (2657) Budva 2009}) 9... Nd4 10. Nd2 Bf8 11. e3 {[#] Hoping for Nxf6+.} Ne6 12. Nxf6+ Qxf6 13. Ne4 Qd8 14. d4 d6 15. b3 Ng5 16. Nxg5 hxg5 17. Bb2 Qe7 18. b4 (18. e4 {feels hotter.} g6 19. d5 Bd7 20. a4 f5 21. f3) 18... axb4 19. axb4 Rxa1 20. Qxa1 e4 21. Qa7 d5 22. c5 c6 23. Ra1 Qc7 24. Bc3 f5 25. Bd2 Be7 26. Bf1 Bd7 27. Rb1 Qb8 28. Qa2 Qa8 29. Qb3 Qa7 30. b5 Ra8 31. Bc3 Qa2 (31... Kf7 {is interesting.} 32. h3 Qb8 33. bxc6 Bxc6 34. Qd1 Bf6) 32. bxc6 Qxb3 33. Rxb3 Bxc6 34. Bb5 Bd8 35. h3 Kh7 36. Kg2 Kg6 37. Bxc6 bxc6 $11 {[%mdl 4096] Endgame KRB-KRB} 38. Rb7 Kf6 39. Rd7 Be7 40. Rc7 Ra6 41. Kf1 Bd8 42. Rd7 Be7 43. Ke2 Kf7 44. Rb7 Ke6 45. Bd2 g6 46. Rc7 Bd8 47. Rg7 Kf6 48. Rg8 Be7 49. Bc3 Ra2+ 50. Ke1 Ra3 51. Bd2 Kf7 52. Rb8 Ke6 53. Rg8 Kf7 54. Rc8 Ra6 55. Kd1 Bf8 56. Kc2 Be7 57. Bc3 Ke6 58. Kb3 f4 59. g4 f3 60. Rg8 Bf6 61. Re8+ Kd7 62. Rg8 Ke6 63. Rb8 Kd7 64. Rb7+ Kc8 65. Rf7 Bd8 66. Rg7 Ra8 67. Rxg6 Kd7 68. Rd6+ Kc7 69. Rh6 Be7 70. Bb2 Kd7 71. Bc3 Kc7 72. Kc2 Kd7 73. Bb2 Kc7 {Accuracy: White = 53%, Black = 71%.} 1/2-1/2

[Event "Israeli Open Championship 2019"]
[Site "Jerusalem"]
[Date "2019.12.13"]
[Round "2.8"]
[White "Sokolovsky, Yahli"]
[Black "Dvoirys, Semen I."]
[Result "1-0"]
[WhiteElo "2045"]
[BlackElo "2467"]
[Annotator "TA"]
[PlyCount "83"]
[EventDate "2019.12.12"]
[EventType "swiss"]
[EventCountry "ISR"]
[SourceTitle "playchess.com"]
[Source "ChessBase"]
[SourceQuality "1"]

{[%evp 12,83,28,-13,70,58,60,43,60,44,39,34,51,47,24,53,41,29,25,-6,46,42,54,51,59,56,50,42,48,18,55,55,57,58,102,95,76,30,68,58,206,27,35,-35,-31,-73,-80,-66,-64,-143,-146,-206,-218,-212,-222,-224,-88,-271,-105,-110,-99,-104,-114,-104,-79,-459,-447,-457,-458,-508,-490,-582,-555,-1212]} 1. e4 c5 2. Nf3 Nc6 3. Bb5 e6 4. O-O Nge7 5. Re1 a6 6. Bf1 d5 7. d3 Ng6 {B30: Sicilian: 2...Nc6 3 Bb5, lines without ...g6} (7... d4 $11) (7... d4 8. e5 Nd5 9. c4 dxc3 10. bxc3 Be7 11. c4 Nb6 12. Nc3 O-O 13. Ne4 Nd7 14. Bf4 b6 15. g3 {1-0 (52) Grischuk,A (2772)-Bocharov,D (2583) Riadh 2017}) 8. exd5 $14 Qxd5 9. Nc3 Qd8 {White is slightly better.} 10. a4 Be7 11. g3 e5 12. Bg2 Bg4 $146 ({Predecessor:} 12... O-O 13. Nd2 Be6 14. Nc4 f6 15. Ne3 {1-0 (44) Niekrens,S (2017)-Weiler,D (2154) Werther 2011}) 13. h3 Be6 14. Be3 O-O 15. Qd2 Qd7 (15... f6 $11) 16. h4 $1 f6 17. a5 Nd4 18. Na4 Rad8 19. h5 Nh8 20. b4 Bg4 21. Nh2 $1 {aiming for Bxd4.} Bxh5 22. bxc5 Qc7 23. Rab1 Nc6 24. Rb6 Be8 25. Reb1 Rb8 {[#]} (25... Ng6 $14) 26. Nc3 $2 ({White should play} 26. d4 $1 $18 {[%cal Rd4d5]} exd4 27. Bf4 {[%mdl 64] Skewer}) 26... Bd8 $11 27. d4 (27. R6b3 $14) 27... exd4 $15 28. Bf4 dxc3 29. Qd5+ Qf7 30. Bxb8 (30. Qxf7+ $15 Rxf7 31. Rxc6 Bxc6 32. Bxc6) 30... Bxb6 $17 31. Bd6 (31. Rxb6 $17 {was worth a try.} Nxb8 32. Rxb7 Qxd5 33. Bxd5+ Bf7 34. Bg2) 31... Bxa5 $19 32. Rxb7 Qxd5 33. Bxd5+ Rf7 (33... Nf7 $19 {And now ...Nb4 would win.} 34. Nf3 g5) 34. Nf3 $2 (34. Bxc6 $17 Rxb7 35. Bxb7) 34... g5 $2 (34... h6 $19 {is more deadly.} 35. Rb1 Nb4) 35. Bxc6 $17 Bxc6 36. Rb8+ Kg7 37. Nd4 Be4 {[#] ...Rb7 is the strong threat.} 38. Ne6+ $2 {[%mdl 8192]} (38. f3 $17 {is more resistant.} Bxc2 39. Nxc2) 38... Kh6 $19 {Black is clearly winning.} 39. Rxh8 Bxc2 40. g4 {If only White now had time for Bf8+....} Be4 {( -> ...c2)} 41. Nd4 c2 42. Ne2 {[%mdl 32768] Accuracy: White = 49%, Black = 49%. . Loss on time!?} 1-0

[Event "Israeli Open Championship 2019"]
[Site "Jerusalem"]
[Date "2019.12.13"]
[Round "2.9"]
[White "Birnboim, Nathan"]
[Black "Slonimskij, Arkadij"]
[Result "1-0"]
[WhiteElo "2393"]
[BlackElo "2133"]
[Annotator "RC"]
[PlyCount "66"]
[EventDate "2019.12.12"]
[EventType "swiss"]
[EventCountry "ISR"]
[SourceTitle "playchess.com"]
[Source "ChessBase"]
[SourceQuality "1"]
[TimeControl "5400+30"]

1. d4 {[%emt 0:02:28]} g6 {[%emt 0:00:00]} 2. e4 {[%emt 0:00:32]} Bg7 {[%emt 0:00:00]} 3. Nf3 {[%emt 0:00:45]} d6 {[%emt 0:04:05]} 4. Nc3 {[%emt 0:01:22]} Nd7 {[%emt 0:01:59]} 5. Bc4 {[%emt 0:06:24]} c6 {[%emt 0:02:59]} 6. O-O {[%emt 0:01:11]} Nb6 {[%emt 0:02:29]} 7. Bb3 {[%emt 0:01:16]} d5 {[%emt 0:03:25]} 8. h3 {[%emt 0:01:18]} e6 {[%emt 0:02:06]} 9. Bg5 {[%emt 0:01:51]} Ne7 {[%emt 0:00:39]} 10. Re1 {[%emt 0:00:26]} h6 {[%emt 0:05:13]} 11. Bh4 {[%emt 0:02:37]} g5 {[%emt 0:02:08]} 12. Bg3 {[%emt 0:00:07]} a5 {[%emt 0:05:51]} 13. a4 {[%emt 0:01:29]} f5 {[%emt 0:04:32]} 14. exf5 {[%emt 0:07:59]} Nxf5 {[%emt 0:00:32]} 15. Ne2 {[%emt 0:03:13]} O-O {[%emt 0:01:19]} 16. c3 {[%emt 0:00:39]} Nd7 {[%emt 0:00:31]} 17. Bc2 {[%emt 0:01:51]} Nf6 {[%emt 0:03:01]} 18. Ne5 {[%emt 0:02:07]} Ne4 {[%emt 0:01:48]} 19. Bxe4 {[%emt 0:07:23]} dxe4 {[%emt 0:00:30]} 20. Bh2 {[%emt 0:02:40]} e3 {[%emt 0:14:42]} 21. fxe3 {[%emt 0:12:25]} Nxe3 {[%emt 0:00:26]} 22. Qd3 {[%emt 0:00:29]} Nf5 {[%emt 0:00:19]} 23. Ng3 {[%emt 0:05:47]} Bxe5 {[%emt 0:07:27]} 24. Rxe5 {[%emt 0:00:13]} Bd7 {[%emt 0:00:19]} 25. Rae1 {[%emt 0:01:19]} Rf7 {[%emt 0:05:37]} 26. Qe2 {[%emt 0:10:59]} Ng7 {[%emt 0:05:09]} 27. Ne4 {[%emt 0:01:22]} Qf8 {[%emt 0:01:48]} 28. h4 {[%emt 0:05:27]} gxh4 {[%emt 0:01:01]} 29. Qg4 {[%emt 0:00:27]} Kh8 {[%emt 0:04:44]} 30. Qg6 {[%emt 0:06:04]} Nf5 {[%emt 0:00:44]} 31. Rxf5 {[%emt 0:03:57]} Rxf5 {[%emt 0:00:25]} 32. Nd6 {[%emt 0:00:18]} h3 {[%emt 0:16:55]} 33. Nxf5 {[%emt 0:00:40]} Qd8 {[%emt 0:03:47]} 1-0

[Event "Israeli Open Championship 2019"]
[Site "Jerusalem"]
[Date "2019.12.13"]
[Round "2.10"]
[White "Tsirilman, Guy"]
[Black "Iliaguev, Nisim"]
[Result "0-1"]
[WhiteElo "1975"]
[BlackElo "2275"]
[Annotator "RC"]
[PlyCount "102"]
[EventDate "2019.12.12"]
[EventType "swiss"]
[EventCountry "ISR"]
[SourceTitle "playchess.com"]
[Source "ChessBase"]
[SourceQuality "1"]
[TimeControl "5400+30"]

1. Nf3 {[%emt 0:00:10]} Nf6 {[%emt 0:00:31]} 2. g3 {[%emt 0:00:21]} d5 {[%emt 0:05:01]} 3. Bg2 {[%emt 0:01:21]} Bf5 {[%emt 0:01:10]} 4. O-O {[%emt 0:00:51]} e6 {[%emt 0:00:13]} 5. d3 {[%emt 0:01:40]} Be7 {[%emt 0:01:29]} 6. Nbd2 {[%emt 0:01:22]} O-O {[%emt 0:00:43]} 7. Nh4 {[%emt 0:06:10]} Bg4 {[%emt 0:02:10]} 8. h3 {[%emt 0:04:55]} Bh5 {[%emt 0:00:05]} 9. g4 {[%emt 0:01:59]} Nfd7 {[%emt 0:00:19]} 10. Nf5 {[%emt 0:02:57]} exf5 {[%emt 0:00:07]} 11. gxh5 {[%emt 0:00:14]} Nc5 {[%emt 0:22:17]} 12. Nb3 {[%emt 0:05:07]} Ne6 {[%emt 0:01:03]} 13. e3 {[%emt 0:02:07]} c6 {[%emt 0:02:31]} 14. Nd4 {[%emt 0:01:51]} Nxd4 {[%emt 0:01:51]} 15. exd4 {[%emt 0:00:09]} Bg5 {[%emt 0:01:27]} 16. Qf3 {[%emt 0:01:38]} Bxc1 {[%emt 0:00:20]} 17. Raxc1 {[%emt 0:00:08]} Qg5 {[%emt 0:00:08]} 18. c4 dxc4 {[%emt 0:02:15]} 19. dxc4 {[%emt 1:06:30]} Nd7 20. Qg3 {[%emt 0:00:00]} Qxh5 {[%emt 0:01:54]} 21. d5 {[%emt 0:00:00]} Rac8 {[%emt 0:06:05]} 22. dxc6 {[%emt 0:00:00]} bxc6 {[%emt 0:00:02]} 23. Qd6 {[%emt 0:00:00]} Nf6 {[%emt 0:00:22]} 24. Rcd1 {[%emt 0:00:00]} Qe2 {[%emt 0:10:49]} 25. b3 {[%emt 0:00:00]} Qxa2 {[%emt 0:00:58]} 26. Qd3 {[%emt 0:00:00]} Qa5 {[%emt 0:07:39]} 27. Ra1 {[%emt 0:00:00]} Qb6 {[%emt 0:01:17]} 28. Qxf5 {[%emt 0:00:00]} Qxb3 {[%emt 0:00:11]} 29. Qc5 {[%emt 0:00:00]} Rc7 {[%emt 0:10:58]} 30. Ra3 {[%emt 0:00:00]} Qb6 {[%emt 0:01:32]} 31. Qxb6 {[%emt 0:00:00]} axb6 {[%emt 0:00:01]} 32. Ra6 {[%emt 0:00:00]} Rb8 {[%emt 0:00:20]} 33. Rb1 {[%emt 0:00:00]} Nd7 {[%emt 0:00:35]} 34. Rd1 {[%emt 0:00:00]} g6 {[%emt 0:01:32]} 35. Rd6 {[%emt 0:00:00]} Ne5 {[%emt 0:00:54]} 36. Ra4 {[%emt 0:00:00]} b5 {[%emt 0:06:17]} 37. Rb4 {[%emt 0:00:00]} Nxc4 {[%emt 0:01:56]} 38. Rxc6 {[%emt 0:00:00]} Rxc6 {[%emt 0:00:13]} 39. Bxc6 {[%emt 0:00:00]} Nd6 {[%emt 0:00:03]} 40. Rd4 {[%emt 0:00:00]} Nf5 {[%emt 0:00:07]} 41. Rb4 {[%emt 0:00:00]} Rb6 {[%emt 0:00:10]} 42. Bd5 {[%emt 0:00:00]} Kg7 {[%emt 0:01:17]} 43. f4 {[%emt 0:00:00]} Nd6 {[%emt 0:01:58]} 44. Kf2 {[%emt 0:00:00]} Ra6 {[%emt 0:00:26]} 45. Rb3 {[%emt 0:00:00]} Ra4 {[%emt 0:00:17]} 46. Kf3 {[%emt 0:00:00]} Kf6 {[%emt 0:02:49]} 47. Bc6 {[%emt 0:00:00]} Ra5 {[%emt 0:01:32]} 48. h4 {[%emt 0:00:00]} h5 {[%emt 0:00:10]} 49. Bd7 {[%emt 0:00:00]} Ke7 {[%emt 0:00:18]} 50. Bc6 {[%emt 0:00:00]} Nf5 {[%emt 0:00:20]} 51. Rb4 {[%emt 0:00:00]} Kd6 {[%emt 0:01:28]} 0-1